| 000 | 00869cab a22001935a 4500 | ||
|---|---|---|---|
| 001 | L147438 | ||
| 008 | 090511s2009 xxk f s 000 0 eng d | ||
| 035 | _a(Sirsi) u147438 | ||
| 041 | 0 | _aeng | |
| 110 | 2 |
_aAsiaProperty _95571 |
|
| 245 | 0 | 0 | _aKorea |
| 260 | _c2009 | ||
| 490 | 0 |
_aAsia Property _vMarch 2009, 19-24(6) |
|
| 520 | _aReports on the contracting commercial property development market in Korea. Covers: trends in the office sector which is most accessible to foreign investment, two massive new mixed-use developments in Seoul's Yeouido financial district and future opportunities to purchase distressed real estate assets or loans. Graph shows Seoul office vacancy rates 1998-2009. Table lists PARC1 and IFC Seoul key statistics. | ||
| 590 | _aKA | ||
| 651 | 4 | _aKorea | |
| 690 | _aPROPERTY-COMMERCIAL PROPERTY-COMMERCIAL PROPERTY MARKET | ||
| 942 | _n0 | ||
| 999 |
_c81535 _d81535 |
||